| 000 | 00635nam a2200229Ia 4500 | ||
|---|---|---|---|
| 003 | OSt | ||
| 005 | 20220923230436.0 | ||
| 006 | a|||||r|||| 00| 0 | ||
| 007 | ta | ||
| 008 | Pun | ||
| 024 | _a281,995 | ||
| 037 | _cTextual | ||
| 040 |
_aARTS _cARTS _bPun |
||
| 041 |
_2Pun _aPun |
||
| 082 | _aO153,3NRAR,MT, M5 | ||
| 100 | _aਰਾਣਾ, ਰਾਜਵੰਤ ਸਿੰਘ | ||
| 245 | 0 | _aਮੈ੍ਵ ਤੇ ਮੇਰਾ ਇFਕ | |
| 260 | _c1985 | ||
| 650 | _aਪੰਜਾਬੀ ਸਾਹਿਤ | ||
| 942 |
_hO153,3NRAR,MT, M5 _cTEXL _2CC |
||
| 999 |
_c384832 _d384832 |
||